| 000 | 00334nam a2200121Ia 4500 | ||
|---|---|---|---|
| 008 | 220216s9999 xx 000 0 und d | ||
| 245 | 0 | _aStimulation of the yield of rubber trees as a routine estate practice | |
| 260 |
_bPlanters Bulletin _c1959 |
||
| 300 | _a127-142 | ||
| 650 | _aRubber | ||
| 650 | _aYield stimulation | ||
| 942 | _cJS | ||
| 999 |
_c69334 _d69334 |
||